Southville International School and Colleges
Your cart is empty.
  • Cart
  • Lists
    Public lists Eva Luna New books Lux_list list_1
    Your lists Log in to create your own lists
  • Log in to your account
  • Your cookies
  • Search history
Southville International School and Colleges
  • Advanced search
  • Recent comments
  • Most popular
  • Libraries

Log in to your account

Log in with GOOGLE


If you do not have an external account, but do have a local account, you can still log in:

  1. Home
  2. MARC view: In media res in the middle of things :
Normal view MARC view ISBD view

In media res in the middle of things : (Record no. 276869)

[ view plain ]
MARC details
000 -LEADER
fixed length control field 00720nam a2200205 a 4500
001 - CONTROL NUMBER
control field FIB007070
005 - DATE AND TIME OF LATEST TRANSACTION
control field 20141128143213.0
008 - FIXED-LENGTH DATA ELEMENTS--GENERAL INFORMATION
fixed length control field
020 ## - INTERNATIONAL STANDARD BOOK NUMBER
International Standard Book Number 9789715426800
050 ## - LIBRARY OF CONGRESS CALL NUMBER
Classification number P 92.P6
Item number .T264 2012
100 ## - MAIN ENTRY--PERSONAL NAME
Personal name Teodoro, Luis V.
245 #0 - TITLE STATEMENT
Title In media res in the middle of things :
Statement of responsibility, etc Luis V. Teodoro.
Remainder of title essays on the Philippine press and media /
260 ## - PUBLICATION, DISTRIBUTION, ETC. (IMPRINT)
Place of publication, distribution, etc Quezon City, Philippines :
Date of publication, distribution, etc c2012.
Name of publisher, distributor, etc The University of the Philippines Press,
300 ## - PHYSICAL DESCRIPTION
Extent ix, 306 pages :
Dimensions 23 cm.
500 ## - GENERAL NOTE
General note Includes index.
650 ## - SUBJECT ADDED ENTRY--TOPICAL TERM
Topical term or geographic name as entry element Mass media
General subdivision Philippines.
650 ## - SUBJECT ADDED ENTRY--TOPICAL TERM
Topical term or geographic name as entry element Mas media
General subdivision Philippines
-- Inlfuence.
650 ## - SUBJECT ADDED ENTRY--TOPICAL TERM
Topical term or geographic name as entry element Mass media
General subdivision Social aspects
-- Philippines.
942 ## - ADDED ENTRY ELEMENTS (KOHA)
Source of classification or shelving scheme Library of Congress Classification
Koha item type Books
Call number prefix Filipininana
Holdings
Withdrawn status Lost status Source of classification or shelving scheme Damaged status Home library Current library Shelving location Date acquired Source of acquisition Sub Shelving location Total Checkouts Total Renewals Full call number Barcode Date last seen Date checked out Price effective from Koha item type
    Library of Congress Classification   College Library College Library Filipiniana Section 11/28/2014 Library Fund   1 12 P 92.P6 .T264 2012 C18984 05/06/2019 01/07/2019 11/28/2014 Books

In media res in the middle of things :

APA

Teodoro L. V., . (2012). In media res in the middle of things. Quezon City, Philippines: The University of the Philippines Press.

Chicago

Teodoro Luis V, . 2012. In media res in the middle of things. Quezon City, Philippines: The University of the Philippines Press.

Harvard

Teodoro L. V., . (2012). In media res in the middle of things. Quezon City, Philippines: The University of the Philippines Press.

MLA

Teodoro Luis V, . In media res in the middle of things. Quezon City, Philippines: The University of the Philippines Press. 2012.

  • Place hold
  • Print
  • Cite
  • Add to your cart (remove)
  • Save record
    BIBTEX Dublin Core MARCXML MARC (non-Unicode/MARC-8) MARC (Unicode/UTF-8) MARC (Unicode/UTF-8, Standard) MODS (XML) RIS
  • More searches
    Search for this title in:
    Other Libraries (WorldCat) Other Databases (Google Scholar) Online Stores (Bookfinder.com) Open Library (openlibrary.org)

Exporting to Dublin Core...

SOUTHVILLE LIBRARY

Southville International School and Colleges Library

1281 Tropical Ave. Cor. Luxembourg St., BF Homes International, Las Pinas City

Tel. No. 8256374 / 252358 Loc. 117/146

Powered by Koha